Statistiken für Länder, die Kroatien am Nächsten Liegen - Eine Minute Sprint

Klicken Sie hier um das Quiz zu spielen!

Allgemein

  • Dieses Quiz wurde 85 mal gespielt
  • Das Durchschnittsergebnis liegt bei 15 aus 20

Antwortstatistiken

KmLand% Korrekt
0Bosnien und
Herzegowina
100%
0Slowenien
99%
0Serbien
92%
0Montenegro
89%
12Italien
88%
70Albanien
86%
23Österreich
86%
0Ungarn
85%
128Kosovo
81%
168Slowakei
79%
233Deutschland
72%
177Mazedonien
71%
270Griechenland
69%
261Schweiz
64%
107Rumänien
63%
315Bulgarien
61%
234Tschechien
58%
141San Marino
51%
314Vatikanstadt
51%
345Liechtenstein
40%

Verteilung der Resultate

Perzentil nach korrekt beantworteten Fragen

Anzahl Personen mit jedem Resultat

Ihre Resultats-Entwicklung

Sie haben dieses Quiz noch nicht gespielt